00439nam a2200181Ia 450000500170000000800410001702000180005804100080007608200130008410000130009724500350011025000110014526000320015630000090018850000240019765000230022170000130024420230414150740.0230125s9999 xx 000 0 und d a9788184001624 aeng a658bLAH aLaha A K aHow to Make The Right Decision aEd.1st c2015bRandom houseaHaryana a181p aGeneral Management  aGeneral Management aLaha A K